00528nam a2200157Ia 4500999001700000082001300017245003000030260004500060300001000105650002000115650004500135650004700180700002200227942000700249952011400256 c14799d14799 a954 HIN; 0aHind swaraj: a fresh look aNew DelhibGandhi Peace Foundationc1985 a254p. aIndia - History aGANDHI, MOHANDAS KARAMCHAND - Philosophy aIndia - Autonomy and independence movement aPrasad, Nageshwar cBK 00104070aNASSDOCbNASSDOCd2004-06-08i2004-10-22l0o954 HIN;p21154r2019-04-18 00:00:00w2019-04-18yBK